El ensayo Hispanoamericano del siglo XX
Tallennettuna:
| Päätekijä: | |
|---|---|
| Aineistotyyppi: | Kirja |
| Kieli: | espanja |
| Julkaistu: |
Ciudad de México
Fondo de Cultura Económica
2004
|
| Painos: | 5a. ed |
| Sarja: | Tierra Firme
|
| Aiheet: | |
| Tagit: |
Lisää tagi
Ei tageja, Lisää ensimmäinen tagi!
|
MARC
| LEADER | 00000nam a2200000 a 4500 | ||
|---|---|---|---|
| 001 | UCG5950 | ||
| 003 | CL-VaPUC | ||
| 005 | 20250312124214.0 | ||
| 008 | 110324e20040000MX |||||||||||||||||spa|d | ||
| 999 | |c 344274 |d 344272 | ||
| 020 | |a 9681672720 | ||
| 040 | |c Pontificia Universidad Católica de Valparaíso | ||
| 082 | 0 | 4 | |a H864 |b SKI |2 21 |
| 100 | 1 | |a Skirius, John |e compilador |9 878797 | |
| 245 | 1 | 3 | |a El ensayo Hispanoamericano del siglo XX |
| 250 | |a 5a. ed | ||
| 260 | |a Ciudad de México |b Fondo de Cultura Económica |c 2004 | ||
| 300 | |a 888 p | ||
| 490 | 0 | |a Tierra Firme | |
| 583 | |a last modification |c 20110324 00:00:00 |k Rodrigo Vera | ||
| 600 | 0 | 7 | |a GONZALEZ PRADA, MANUEL |2 CL-VaPUC |9 514437 |
| 600 | 0 | 7 | |a DARIO, RUBEN |2 CL-VaPUC |9 268402 |
| 600 | 0 | 7 | |a RODO, JOSE ENRIQUE |2 CL-VaPUC |9 313720 |
| 600 | 0 | |a Ortiz Fernández, Fernando, |d 1881-1969 |9 555893 | |
| 600 | 0 | 7 | |a VASCONCELOS, JOSE |2 CL-VaPUC |9 438289 |
| 600 | 0 | 7 | |a REYES, ALFONSO |2 CL-VaPUC |9 357008 |
| 600 | 0 | |a Mariátegui La Chira, José Carlos, |d 1894-1930 |9 438514 | |
| 600 | 0 | |a Martínez Estrada, Ezequiel, |d 1895-1964 |9 863216 | |
| 600 | 0 | 7 | |a ASTURIAS, MIGUEL ANGEL |2 CL-VaPUC |9 309802 |
| 600 | 0 | 7 | |a Borges, Jorge Luis |d 1899-1986 |9 880661 |
| 600 | 0 | 7 | |a SANCHEZ, LUIS ALBERTO |2 CL-VaPUC |9 508829 |
| 600 | 0 | 7 | |a ARCINIEGAS, GERMAN |2 CL-VaPUC |9 555895 |
| 600 | 0 | 7 | |a PICON-SALAS, MARIANO |2 CL-VaPUC |9 514483 |
| 600 | 0 | |a Neruda, Pablo, |d 1904-1973 |e autor |9 471955 | |
| 600 | 0 | 7 | |a CARDOZA Y ARAGON, LUIS |2 CL-VaPUC |9 506754 |
| 600 | 0 | 7 | |a CARPENTIER, ALEJO |2 CL-VaPUC |9 317536 |
| 600 | 0 | 7 | |a USLAR PIETRI, ARTURO |2 CL-VaPUC |9 518244 |
| 600 | 0 | 7 | |a ANDERSON IMBERT, ENRIQUE |2 CL-VaPUC |9 555896 |
| 600 | 0 | 7 | |a CABALLERO CALDERON, EDUARDO |2 CL-VaPUC |9 555897 |
| 600 | 0 | |a Sabato, Ernesto |9 322691 | |
| 600 | 0 | |a Cortázar, Julio, |d 1914-1984 |9 347319 | |
| 600 | 0 | 7 | |a Paz, Octavio |d 1914-1998 |9 881026 |
| 600 | 0 | 7 | |a GARCIA MARQUEZ, GABRIEL |2 CL-VaPUC |9 318478 |
| 600 | 0 | 7 | |a VARGAS LLOSA, MARIO |2 CL-VaPUC |9 318800 |
| 600 | 0 | 7 | |a GARCIA CANCLINI, NESTOR |2 CL-VaPUC |9 555898 |
| 600 | 0 | 7 | |a SARLO, BEATRIZ |2 CL-VaPUC |9 555899 |
| 650 | 0 | |a Literatura hispanoamericana |9 269097 | |
| 650 | 7 | |a ENSAYOS HISPANOAMERICANOS |2 CL-VaPUC |9 269402 | |
| 651 | 0 | |a América Latina |9 255027 | |
| 942 | |c BK |2 ddc | ||
| 945 | |d 20110324 00:00:00 |a jcampos | ||
| 952 | |0 0 |1 0 |4 0 |6 H_864_000000000000000_SKI_2004 |7 0 |8 A |9 442167 |a FDOPOS |b FDOPOS |d 2019-11-22 |i 4759834 |o H864 SKI 2004 |p 4759834 |r 2023-08-09 |w 2019-11-22 |y BK |k DLH | ||